Dôvodová správa k novelizácii Obchodného zákonníka

Dôvodová správa k zákonu, ktorým sa mení a dopĺňa zákon č. 513/1991 Zb. Obchodný zákonník. Komentár k jednotlivým novelizovaným ustanoveniam zákona.

Enregistré dans:
Détails bibliographiques
Format: Chapitre de livre
Langue:slovaque
Sujets:
Tags: Ajouter un tag
Pas de tags, Soyez le premier à ajouter un tag!

MARC

LEADER 00000naa a2200000 4500
001 r035512
005 20230926081300.8
041 0 |a slo 
044 |a SK 
245 1 0 |a Dôvodová správa k novelizácii Obchodného zákonníka 
520 |a Dôvodová správa k zákonu, ktorým sa mení a dopĺňa zákon č. 513/1991 Zb. Obchodný zákonník. Komentár k jednotlivým novelizovaným ustanoveniam zákona. 
610 2 0 |a zákonník obchodný 
610 2 0 |a správy dôvodové 
610 2 0 |a novelizácia 
610 2 0 |a zákony 
610 2 0 |a Slovensko 
610 2 0 |a 1999